| 000 | 00358nam a2200133Ia 4500 | ||
|---|---|---|---|
| 008 | 240624s9999 xx 000 0 und d | ||
| 041 | _aeng | ||
| 082 | _a629.2 OHN | ||
| 100 | _aOHNO TAIICHI | ||
| 245 | _aTOYOTA PRODUCTION SYSTEM BEYOND LARGE SC | ||
| 260 |
_c1988 _aNew York _bProductivity Press |
||
| 300 | _axix, : 143 : p. : cm. ; 24 | ||
| 365 |
_cBPS _b30 |
||
| 999 |
_c12816 _d12816 |
||